| 000 | 00882nas a2200229 a 4500 | ||
|---|---|---|---|
| 001 | 29429 | ||
| 003 | AR-BaAGN | ||
| 005 | 20231116145237.0 | ||
| 007 | ta | ||
| 008 | 220701s1948 ag |||p|r||||f|||||0spa d | ||
| 040 |
_aAR-BaAGN _bspa _eaacr |
||
| 110 | 2 | _aComisión Nacional de Cultura | |
| 245 | 1 | 0 | _aGuía Quincenal de la Actividad Intelectual y Artística Argentina. |
| 260 |
_aBuenos Aires : _bIglesias y Matera, _c1948. |
||
| 300 |
_a84 páginas : _bil., fotos |
||
| 336 |
_2rdacontent _btxt |
||
| 337 |
_2rdamedia _bn |
||
| 338 |
_2rdacarrier _bnc |
||
| 520 | _aLucio Vicente López (1848-1894). Conferencias. Música: Cayetano Troiani. Teatro. Artes Plásticas: Valentín Thibon de Libian. Bibliografía. Cinematográficas. Noticiero de la Comisión Nacional de Cultura. Sala Argentina del Teatro Nacional Cervantes: conferencias | ||
| 942 | _cREVISTA | ||
| 999 |
_c29429 _d29429 |
||